| 000 | 003640000a22001450004500 | ||
|---|---|---|---|
| 003 | MACL | ||
| 040 | _aMACL | ||
| 090 |
_c1914 _d1914 |
||
| 100 | _aMaheshwari, Shriram | ||
| 245 | _aThe Census Administration Under The Raj And After | ||
| 260 |
_aNew Delhi _bConcept Publishing Co. _c1996 |
||
| 350 | _a300 | ||
| 650 | _aPublic Administration | ||
| 942 |
_cBOOK _k352.75 |
||
| 999 |
_c1901 _d1901 |
||